|
|
|
|
| LEADER |
00000naa2a2200000 4500 |
| 001 |
390396 |
| 005 |
20231101063953.0 |
| 035 |
|
|
|a (RuTPU)RU\TPU\prd\23409
|
| 090 |
|
|
|a 390396
|
| 100 |
|
|
|a 20040302a2003 k y0rusy50 ca
|
| 101 |
0 |
|
|a rus
|
| 102 |
|
|
|a RU
|
| 200 |
1 |
|
|a Симантические аспекты оценки экологической обстановки
|f А. М. Девяткин, А. В. Тертышников
|
| 225 |
1 |
|
|a Экологические образование
|
| 320 |
|
|
|a Библиогр.: 5 назв.
|
| 461 |
|
1 |
|0 (RuTPU)RU\TPU\prd\1141
|t Экология и промышленность России
|o ежемесячный общественный научно-технический журнал
|d 2001-
|
| 463 |
|
1 |
|0 (RuTPU)RU\TPU\prd\21213
|t № 11
|v С. 36
|d 2003
|
| 610 |
1 |
|
|a экологическая обстановка
|
| 610 |
1 |
|
|a оценка
|
| 610 |
1 |
|
|a семантические апекты
|
| 610 |
1 |
|
|a мониторинг
|
| 610 |
1 |
|
|a техногенное воздействие
|
| 700 |
|
1 |
|a Девяткин
|b А. М.
|
| 701 |
|
1 |
|a Тертышников
|b А. В.
|
| 801 |
|
1 |
|a RU
|b 63413507
|c 20040302
|g PSBO
|
| 942 |
|
|
|c BK
|